| 000 | 00585nam a2200241 a 4500 | ||
|---|---|---|---|
| 001 | nice12345678 | ||
| 003 | IN_TiNIC | ||
| 005 | 20260116011534.0 | ||
| 008 | 050524s1911 lona grp 000 0 eng | ||
| 020 |
_a _c0 |
||
| 082 | 0 | 0 |
_a201 _bCOS |
| 100 | _aCostain, Alfred | ||
| 245 | _aLife of Dr.Arthur Jackson of Manchuria | ||
| 260 |
_aLondon _bHodder & Stoughton _c1911 |
||
| 300 | _a187p | ||
| 500 | _aincludes index and biblioraphy | ||
| 505 | 2 | _aIll, App | |
| 650 | _aManchuria Mission | ||
| 700 | 1 | _aCostain, Alfred | |
| 902 | _bSRS | ||
| 942 | _cBK | ||
| 999 |
_c2441 _d2441 |
||